How things work : the physics of everyday life

Αποθηκεύτηκε σε:
Λεπτομέρειες βιβλιογραφικής εγγραφής
Κύριος συγγραφέας: Bloomfield, Louis
Μορφή: Βιβλίο
Γλώσσα:English
Δημοσίευση: Hoboken : Wiley, 2006
Έκδοση:3rd ed.
Θέματα:
Ετικέτες: Προσθήκη ετικέτας
Δεν υπάρχουν, Καταχωρήστε ετικέτα πρώτοι!

MARC

LEADER 00000nam a2200000 i 4500
001 1/76557
008 080304s2006 eng d
020 |a 978-0-471-46886-8 
020 |a 0-471-46886-X 
035 |l 10095215 
040 |a GR-MY-UA  |b gre  |e aacr 
041 0 |a eng 
082 0 |a 530  |2 (22) 
100 1 |a Bloomfield, Louis. 
245 1 0 |a How things work :  |b the physics of everyday life /  |c Louis Bloomfield 
250 |a 3rd ed. 
260 |a Hoboken :   |b Wiley,   |c 2006 
300 |a xiv, 561 σ. ;  |b έγχρ. εικ., σχ. ;  |c 26 εκ. 
504 |a Ευρετήριο: σ. 555-561 
650 0 0 |a Physics  |v Textbooks. 
650 0 0 |a Physics. 
852 |a INST  |b LESVOS  |e 20080304  |h 530 BLO  |p 005100040611  |q 005100040611  |t BK  |y 0 
901 |a BIBL1-2008-1 
909 |a Λ  |b 143043 
922 |a 1ΕΛΗ  |b 200712  |c ΕΠΕΑΕΚ2/ΤΠ  |d ΠΑΠΑΣΩΤΗΡΙΟΥ 
970 |a ΧΑΤΖΗΜΙΧΑΗΛ  |b ΜΑΡΙΑ  |z 2008/03/04